000 01008nab a2200265 u 4500
001 02955
003 HDC
007 cr bn ---
008 201224p xx n |0 eng
040 _aHDC
100 _aAhmad Badri Abdullah,
_eauthor
_91517
245 0 _aPositioning Halal Industry As The New Catalyst for Malaysia's Economic Impact On Foreign Countries /
_cby Ahmad Badri Abdullah
260 _a[No Place] :
_b[publisher not identified],
_c[no year]
300 _a1 online resource (4 pages)
336 _atext
_2rdacontent
337 _acomputer
_2rdamedia
338 _aonline resource
_2rdacarrier
650 _aEconomic impact analysis
_91519
650 _aFood industry and trade
_xReligious aspects
_yIslam
_91518
650 _aHalal food industry
_9128
856 _zRequest full-text at [email protected]
942 _2lcc
942 _cAR
942 _kJART 001618
999 _c341
_d341